|
|
|
|
| LEADER |
00000nab a2200000 a 4500 |
| 001 |
vtls000617315 |
| 003 |
SK-MaSNL |
| 005 |
20260304094310.0 |
| 008 |
250425c1996 xo 0 slo |
| 015 |
|
|
|a SNBRB19rr/mm-uuuuu
|
| 035 |
|
|
|a CL0617454
|
| 035 |
|
|
|a urn:nbn:sk:snk-abgam
|
| 035 |
|
|
|a (urnnbn)urn:nbn:sk:snk:ar-a03ryv
|
| 035 |
|
|
|a (uuid)c8e25cb9-709e-4475-8f8d-ea43b96673ac
|
| 040 |
|
|
|a SNKBUCL
|b slo
|c SNKBUCL
|e AACR2
|
| 041 |
0 |
|
|a eng
|
| 044 |
|
|
|a xo
|c SK
|
| 080 |
|
|
|a 681.3.05:621.391:621.397:519.6
|2 1981
|
| 080 |
|
|
|a 621.391
|2 1981
|
| 080 |
|
|
|a 621.397
|2 1981
|
| 080 |
|
|
|a 519.6
|2 1981
|
| 100 |
1 |
|
|a Levický, Dušan,
|d 1948-
|4 aut
|9 214752
|
| 245 |
1 |
0 |
|a Wavelet Transforms Analysis-Synthesis Algorithms
|c Dušan Levický, Emil Matúš, Peter Král
|
| 300 |
|
|
|b Obr. 7, tab. 1, res. angl., lit. 30 zázn. v angl.
|
| 500 |
|
|
|a Životopisné údaje
|
| 650 |
0 |
7 |
|a obrazy (kybernetika)
|2 snkbucl
|9 20938
|
| 655 |
|
7 |
|a články z novín a časopisov
|2 snkbucl
|9 267496
|
| 700 |
1 |
|
|a Matúš, Emil
|4 aut
|9 791059
|
| 700 |
1 |
|
|a Král, Peter
|4 aut
|9 12898
|
| 773 |
0 |
|
|t Journal of electrical engineering
|g Roč. 47, č. 11-12 (1996), s. 281-286
|x 0013-578X
|
| 850 |
|
|
|a Slovenská národná knižnica
|
| 852 |
|
|
|a Slovenská národná knižnica
|
| 958 |
|
|
|a article27
|
| 958 |
|
|
|a NB
|
| 958 |
|
|
|a RK
|
| 958 |
|
|
|a OND
|
| 958 |
|
|
|a EUIPO
|
| 999 |
|
|
|c 2826550
|d 2828480
|